| 000 | 01434nas a2200421 i 4500 | ||
|---|---|---|---|
| 001 | 194036 | ||
| 003 | SpMaBN | ||
| 005 | 20250830111239.0 | ||
| 008 | 990603d1947196usp uu _ 0uuub0spa | ||
| 016 | 7 |
_abiseBNE19990045751 _2SpMaBN |
|
| 017 |
_aB 3130-1959 _bOficina Depósito Legal Barcelona |
||
| 022 | 0 |
_a0570-4383 _2_u _y9934-4416 |
|
| 035 | _a(OCoLC)436758630 | ||
| 035 | _abise0000085962 | ||
| 040 |
_aSpMaBN _bspa _cSpMaBN _erdc _dES-MaACL |
||
| 080 | _a348.115 | ||
| 210 | 0 | _aAnu. Petrus | |
| 222 | 0 | _aAnuario Petrus | |
| 245 | 0 | 0 |
_aAnuario "Petrus" : _bla voz del Papa ... |
| 260 |
_aBarcelona : _bAtlántida, _c[1948]- |
||
| 300 |
_a1 v. ; _c25 cm |
||
| 310 | _aAnual. | ||
| 336 |
_2rdacontent _atexto |
||
| 337 |
_2rdamedia _asin mediación |
||
| 338 |
_2rdacarrier _avolumen |
||
| 362 | _a1 (1947)-12 (1958) ; 1 (1959)- ; 1 (1963)- | ||
| 515 | _aA partir de 1959- , publicada en dos partes | ||
| 610 | 2 | 4 |
_aIglesia Católica _94639 |
| 650 | 0 | 7 |
_9135940 _aDocumentos pontificios |
| 655 | 7 |
_9226822 _aAnuarios |
|
| 710 | 2 |
_94666 _aIglesia Católica. _bPapa (1939-1958: Pío XII) |
|
| 752 |
_aEspaña _dBarcelona |
||
| 852 |
_aES-MaACL _jD-7215 _bR.H.13 _bR.28853 _cSVI _fSello en tinta en portada: "Ateneo de Madrid. Biblioteca" _9124601 |
||
| 866 | _o1947 | ||
| 942 |
_2udc _n0 _cPERIODICA |
||
| 955 | _bPilar Fernández Vera | ||
| 999 |
_c194036 _d194036 |
||